1786 1549 1482 1047 1809 1692 1222 1186 1999 1416 1106 1988 1496 1116 1517 1187 1122 1338 1554 1689 1059 1291 1410 1220 1058 1676 1352 1148 1123 1343 1305 1945 1267 1031 1667 1182 1100 1007 1952 1920 1865 1174 1257 1064 1588 1022 1938 1320 1248 1025 1072 1642 1682 1684 1878 1644 1198 1960 1141 1837 1432 1621 1825 1574 1293 1989 1808 1539 1279 1123 1826 1900 1585 1479 1883 1454 1174 1684 1017 1071 1858 1677 1690 1153 1439 1126 1043 1288 1884 1354 1083 1080 1884 1256 1021 1212 1388 1544 1105 BCNSPRNW ULIB Ver.6.0+V

เปลี่ยนเป็นภาษาไทย

Change to English
 แสดงรายละเอียดบรรณานุกรม
  กลับหน้าหลัก

Brief Record : Get Marc (ISO 2709) : E-mail record : QR code < ปิดหน้าต่าง
LEADER : 00000nam 2200000uu 4500
001    13399125788
003     ULIB
008    170905s2559||||th 000 0 tha d
020    ^a9786162799143
060  0 ^aWY150^bว429ก
100 0  ^aวันดี โตสุขศรี
245 00 ^aการพยาบาลอายุรศาสตร์ 1/^cวันดี โตสุขศรี
250    ^aพิมพ์ครั้งที่ 4(ฉบับปรับปรุงครั้งที่ 1)
260    ^aกรุงเทพฯ :^bโครงการตำราคณะพยาบาลศาสตร์ มหาวิทยาลัยมหิดล,^c2559
300    ^a616 หน้า ;^c26 ซม.
650  0 ^aการพยาบาล
650  0 ^aอายุรศาสตร์
700 0  ^aวันดี โตสุขศรี และคนอื่นๆ, บรรณาธิการ
710 1  ^aมหาวิทยาลัยมหิดล^bคณะพยาบาลศาสตร์
945    ^p300^l0^i25395
945    ^p300^l0^i25396
945    ^p300^l0^i25397
945    ^p300^l0^i25398
945    ^p300^l0^i25399
945    ^p300^l0^i25400
945    ^p300^l0^i25401
945    ^p300^l0^i25402
945    ^p300^l0^i25403
945    ^p300^l0^i25404
999    ^aกัณชพร จุลอักษร
รายการนี้ยังไม่มีแท็ก
คุณยังไม่ได้ล็อกอิน คุณสามารถมีกิจกรรมร่วมกับเว็บไซต์ได้ แต่ต้องล็อกอินก่อน ::
  ล็อกอิน

รายการสื่อสารสนเทศ

ลำดับที่ ประเภท เลขเรียก/บาร์โค้ด สถานที่ สถานะ
1. หนังสือสำรอง
หนังสือสำรอง
WY150 ว429ก ฉ.1 
  Barcode: 25395
ห้องสมุดวิทยาเขตนครสวรรค์
►หนังสือทั่วไป:l:General Books
บนชั้น
2. วิทยาศาสตร์การแพทย์ และสุขภาพ
วิทยาศาสตร์การแพทย์ และสุขภาพ
WY150 ว429ก ฉ.10 
  Barcode: 25404
ห้องสมุดวิทยาเขตนครสวรรค์
►หนังสือทั่วไป:l:General Books
บนชั้น
3. วิทยาศาสตร์การแพทย์ และสุขภาพ
วิทยาศาสตร์การแพทย์ และสุขภาพ
WY150 ว429ก ฉ.2 
  Barcode: 25396
ห้องสมุดวิทยาเขตนครสวรรค์
►หนังสือทั่วไป:l:General Books
บนชั้น
4. วิทยาศาสตร์การแพทย์ และสุขภาพ
วิทยาศาสตร์การแพทย์ และสุขภาพ
WY150 ว429ก ฉ.3 
  Barcode: 25397
ห้องสมุดวิทยาเขตนครสวรรค์
►หนังสือทั่วไป:l:General Books
บนชั้น
5. วิทยาศาสตร์การแพทย์ และสุขภาพ
วิทยาศาสตร์การแพทย์ และสุขภาพ
WY150 ว429ก ฉ.4 
  Barcode: 25398
ห้องสมุดวิทยาเขตนครสวรรค์
►หนังสือทั่วไป:l:General Books
บนชั้น
6. วิทยาศาสตร์การแพทย์ และสุขภาพ
วิทยาศาสตร์การแพทย์ และสุขภาพ
WY150 ว429ก ฉ.5 
  Barcode: 25399
ห้องสมุดวิทยาเขตนครสวรรค์
►หนังสือทั่วไป:l:General Books
ถูกยืม กำหนดส่งวันที่ 2 มิถุนายน 2569
  จอง
7. วิทยาศาสตร์การแพทย์ และสุขภาพ
วิทยาศาสตร์การแพทย์ และสุขภาพ
WY150 ว429ก ฉ.6 
  Barcode: 25400
ห้องสมุดวิทยาเขตนครสวรรค์
►หนังสือทั่วไป:l:General Books
บนชั้น
8. วิทยาศาสตร์การแพทย์ และสุขภาพ
วิทยาศาสตร์การแพทย์ และสุขภาพ
WY150 ว429ก ฉ.7 
  Barcode: 25401
ห้องสมุดวิทยาเขตนครสวรรค์
►หนังสือทั่วไป:l:General Books
บนชั้น
9. วิทยาศาสตร์การแพทย์ และสุขภาพ
วิทยาศาสตร์การแพทย์ และสุขภาพ
WY150 ว429ก ฉ.8 
  Barcode: 25402
ห้องสมุดวิทยาเขตนครสวรรค์
►หนังสือทั่วไป:l:General Books
บนชั้น
10. วิทยาศาสตร์การแพทย์ และสุขภาพ
วิทยาศาสตร์การแพทย์ และสุขภาพ
WY150 ว429ก ฉ.9 
  Barcode: 25403
ห้องสมุดวิทยาเขตนครสวรรค์
►หนังสือทั่วไป:l:General Books
บนชั้น

รายการใกล้เคียง
    ผู้แต่ง [วันดี โตสุขศรี]

    หัวเรื่อง [การพยาบาล]
    หัวเรื่อง [อายุรศาสตร์]

BibComment


ยังไม่เคยถูกคอมเมนท์

คอมเมนท์ทรัพยากรรายการนี้
  คอมเมนท์: การพยาบาลอายุรศา..


 Copyright 2026. Bcnsprnw @Library